00806cam a22002411 4500001001300000003000400013005001700017008004100034010001700075035002000092040004800112042001200160050003100172100003700203245003700240260005000277300003800327440004300365500005600408504003100464651005200495999001700547sd 49000058 DLC20260227112735.0940720s1949 nyua b 000 0 eng c asd 49000058  a(OCoLC)30796465 aU.S. Dept. of State. LibrarycIENdIENdDLC apremarc00aD410b.F65 vol. 25, no. 101 aDean, Vera Micheles,d1903-1972.10aHow U.S. foreign policy is made. aNew York,bForeign Policy Association,c1949. a[114]-123, [1] p.bdiagr.c27 cm. 0aForeign policy reports,vv. 25, no. 10 a"Organization of the Department of State": p. [124] aBibliographical footnotes. 0aUnited StatesxForeign relationsy20th century. c89995d89995